Normal view
MARC view
Entry Personal Name
001 - CONTROL NUMBER
- control field: 53116
003 - CONTROL NUMBER IDENTIFIER
- control field: OSt
005 - DATE AND TIME OF LATEST TRANSACTION
- control field: 20160421133833.0
008 - FIXED-LENGTH DATA ELEMENTS
- fixed length control field: 160421|| aca||aabn | a|a d
040 ## - CATALOGING SOURCE
- Original cataloging agency: OSt
- Transcribing agency: OSt
100 ## - HEADING--PERSONAL NAME
- Personal name: प्रयंक शर्मा
670 ## - SOURCE DATA FOUND
- Source citation: Work cat.: (OSt)45299: प्रयंक शर्मा, विश्व के प्रमुख खेल और नियम , 2010









